000 01108cam a22003135a 4500
001 015462096
003 EG-ScBUE
005 20250617100114.0
008 091209s2010 enka f b f001 0 eng d
020 _a9780521705240 (pbk.)
020 _a052170524X (pbk.)
040 _aStDuBDS
_beng
_erda
_cStDuBDS
_dUk
_dEG-ScBUE
082 0 4 _a538.6
_222
_bGOE
100 1 _aGoedbloed, J. P.,
_d1940-
_eauthor.
_939524
245 1 0 _aAdvanced magnetohydrodynamics :
_bwith applications to laboratory and astrophysical plasmas /
_cby J. P. Goedbloed, R. Keppens, S. Poedts.
264 1 _aCambridge :
_bCambridge University Press,
_c2010.
300 _axvi, 634 pages :
_billustrations ;
_c25 cm
336 _2rdacontent
_atext
_btxt
337 _aunmediated
_2rdamedia
_bn
338 _avolume
_bnc
_2rdacarrier
504 _aIncludes bibliographical references and index.
650 7 _aMagnetohydrodynamics.
_2BUEsh
_97029
651 _2BUEsh
653 _bENGELC
_cMarch2016
655 _vReading book
_934232
700 1 _aKeppens, Rony,
_eauthor.
700 1 _aPoedts, Stefaan,
_d1962-
_eauthor.
942 _2ddc
_cBB
999 _c21376
_d21348